000 01162nam a2200313Ia 4500
003 OSt
005 20221007125420.0
006 a|||||r|||| 00| 0
007 ta
008 221006b |||||||| |||| 00| 0 eng d
020 _a3527304053 (hbd)
_c
_ 99.95
024 _a10014
037 _bN R,
_cTextual
040 _aCDL
_cCDL
_beng
041 _2eng
_aeng
082 _aE92Z1, P2
100 _aSewald Norbert
_9721917
245 0 _aPeptides: chemistry and biology by Norbert Sewald and Hans-Dieter Jakubke
_b Jakubke Hans-Dieter
260 _aWeinheim
_bWiley-VCH
_c2002
300 _axxxiv, 562p
_ccm.
500 _aIncludes bibliographical references; Glossary 429-543p; Index 545-562p; ^n23/CSL/CARC/2002-03/106^d2003-01-21^mPurchase; ; 2002-03/668^b2002-01-24^c168^d2002-01-23^eRs.4,336.73^fDhanraj Book House; ; 2003-01-28^bSB^c2003-01-29^dRPS
650 _a Amino Acid
_9721329
650 _a Biosubstances
_9717638
650 _a Peptides
650 _aChemistry
700 _a Jakubke Hans-Dieter
_9721918
942 _hE92Z1, P2
_cTEXL
_2CC
999 _c1215239
_d1215239